[Event "Olomouc Chess Summer 2022 - B2"]
[Site "Olomouc (CZE), Hotel Flora"]
[Date "2022.08.18"]
[Round "7"]
[Board "3"]
[White "Wiley, Tom E"]
[Black "Paseka, Matyas"]
[Result "1-0"]
[WhiteElo "2169"]
[BlackElo "2218"]
[PlyCount "0"]
[EventDate "2022.08.13"]
[EventRounds "9"]
[EventCountry "CZE"]

1. d4 {[%clk 1:30:59]} Nf6 {[%clk 1:30:53]} 2. c4 {[%clk 1:31:22]} g6
{[%clk 1:31:16]} 3. Nc3 {[%clk 1:31:48]} Bg7 {[%clk 1:31:39]} 4. e4
{[%clk 1:32:09]} d6 {[%clk 1:32:01]} 5. Nf3 {[%clk 1:32:29]} O-O {[%clk 1:32:20]}
6. Be2 {[%clk 1:32:47]} e5 {[%clk 1:32:40]} 7. d5 {[%clk 1:33:11]} a5
{[%clk 1:33:01]} 8. Bg5 {[%clk 1:33:37]} h6 {[%clk 1:33:21]} 9. Bh4
{[%clk 1:34:04]} Na6 {[%clk 1:33:39]} 10. Nd2 {[%clk 1:34:16]} Qe8
{[%clk 1:33:56]} 11. a3 {[%clk 1:34:03]} Bd7 {[%clk 1:34:08]} 12. b3
{[%clk 1:34:28]} Nh7 {[%clk 1:34:19]} 13. O-O {[%clk 1:34:31]} h5
{[%clk 1:34:39]} 14. f3 {[%clk 1:34:42]} Bh6 {[%clk 1:34:51]} 15. Rb1
{[%clk 1:35:06]} Be3+ {[%clk 1:34:50]} 16. Bf2 {[%clk 1:35:29]} Bxf2+
{[%clk 1:31:07]} 17. Rxf2 {[%clk 1:35:47]} f5 {[%clk 1:26:13]} 18. exf5
{[%clk 1:31:47]} gxf5 {[%clk 1:26:28]} 19. b4 {[%clk 1:23:27]} axb4
{[%clk 1:18:58]} 20. axb4 {[%clk 1:23:48]} b6 {[%clk 1:19:16]} 21. Qb3
{[%clk 1:04:05]} Qg6 {[%clk 1:15:48]} 22. Qb2 {[%clk 1:02:08]} Ng5
{[%clk 1:12:33]} 23. Kh1 {[%clk 1:01:44]} e4 {[%clk 1:12:14]} 24. fxe4
{[%clk 0:50:43]} fxe4 {[%clk 1:11:16]} 25. Rxf8+ {[%clk 0:51:08]} Rxf8
{[%clk 1:11:34]} 26. Rf1 {[%clk 0:51:26]} Rxf1+ {[%clk 1:05:36]} 27. Nxf1
{[%clk 0:47:15]} Qf6 {[%clk 0:56:11]} 28. b5 {[%clk 0:39:39]} Nc5
{[%clk 0:55:29]} 29. Nd1 {[%clk 0:39:52]} Qf7 {[%clk 0:41:23]} 30. Qd2
{[%clk 0:22:39]} Nh7 {[%clk 0:38:00]} 31. Qe1 {[%clk 0:19:39]} Nf6
{[%clk 0:29:22]} 32. Kg1 {[%clk 0:17:18]} Kf8 {[%clk 0:25:13]} 33. Qh4
{[%clk 0:16:39]} Qg6 {[%clk 0:24:19]} 34. Ng3 {[%clk 0:11:35]} Bg4
{[%clk 0:23:01]} 35. Bxg4 {[%clk 0:09:32]} hxg4 {[%clk 0:23:20]} 36. Ne3
{[%clk 0:06:47]} Ncd7 {[%clk 0:20:13]} 37. Qh8+ {[%clk 0:04:26]} Ng8
{[%clk 0:19:28]} 38. Qh4 {[%clk 0:03:02]} Ngf6 {[%clk 0:19:38]} 39. Qh8+
{[%clk 0:02:46]} Ng8 {[%clk 0:19:58]} 40. Qh4 {[%clk 0:02:50]} Ngf6
{[%clk 0:19:55]} 41. Ne2 {[%clk 0:27:17]} Qh5 {[%clk 0:29:05]} 42. Qxh5
{[%clk 0:27:07]} Nxh5 {[%clk 0:27:48]} 43. Nxg4 {[%clk 0:27:26]} Ke7
{[%clk 0:27:42]} 44. Kf2 {[%clk 0:27:04]} Nhf6 {[%clk 0:24:11]} 45. Ne3
{[%clk 0:26:23]} Ne5 {[%clk 0:24:26]} 46. h3 {[%clk 0:20:54]} Nd3+
{[%clk 0:24:28]} 47. Kg3 {[%clk 0:20:57]} Nd7 {[%clk 0:23:12]} 48. Kg4
{[%clk 0:18:03]} Kf6 {[%clk 0:23:09]} 49. h4 {[%clk 0:16:38]} N7e5+
{[%clk 0:23:16]} 50. Kh5 {[%clk 0:16:56]} Nb2 {[%clk 0:23:35]} 51. g4
{[%clk 0:16:13]} Nbxc4 {[%clk 0:23:50]} 52. g5+ {[%clk 0:16:32]} Kg7
{[%clk 0:23:19]} 53. Nxc4 {[%clk 0:10:36]} Nxc4 {[%clk 0:23:45]} 54. Kg4
{[%clk 0:10:54]} Ne3+ {[%clk 0:23:40]} 55. Kf4 {[%clk 0:11:10]} Nxd5+
{[%clk 0:23:50]} 56. Kxe4 {[%clk 0:11:34]} Ne7 {[%clk 0:23:31]} 57. h5
{[%clk 0:10:05]} c6 {[%clk 0:21:18]} 58. bxc6 {[%clk 0:09:42]} Nxc6
{[%clk 0:21:42]} 59. Kd5 {[%clk 0:09:58]} Ne5 {[%clk 0:20:34]} 60. Nd4
{[%clk 0:09:00]} b5 {[%clk 0:15:04]} 61. Nf5+ {[%clk 0:08:41]} Kh7
{[%clk 0:13:53]} 62. Nxd6 {[%clk 0:08:51]} Nd3 {[%clk 0:07:10]} 63. Ke4
{[%clk 0:06:21]} Nc5+ {[%clk 0:07:26]} 64. Kf5 {[%clk 0:06:47]} Nd7
{[%clk 0:04:14]} 65. Nxb5 {[%clk 0:06:54]} Nf8 {[%clk 0:04:01]} 66. Nd6
{[%clk 0:06:49]} Kg7 {[%clk 0:03:57]} 67. Ne8+ {[%clk 0:06:41]} Kf7
{[%clk 0:04:19]} 68. Nf6 {[%clk 0:06:10]} Kg7 {[%clk 0:04:31]} 69. Ng4
{[%clk 0:06:10]} Nh7 {[%clk 0:02:18]} 70. g6 {[%clk 0:05:16]}  1-0

[Event "Olomouc Chess Summer 2022 - B2"]
[Site "Olomouc (CZE), Hotel Flora"]
[Date "2022.08.18"]
[Round "7"]
[Board "4"]
[White "Camarena Jimenez, Rufino"]
[Black "Nemec, Jachym"]
[Result "0-1"]
[WhiteElo "2308"]
[BlackElo "2341"]
[PlyCount "0"]
[EventDate "2022.08.13"]
[EventRounds "9"]
[EventCountry "CZE"]

1. d4 {[%clk 1:29:40]} d5 {[%clk 1:30:52]} 2. c4 {[%clk 1:29:33]} c6
{[%clk 1:31:17]} 3. Nf3 {[%clk 1:29:35]} Nf6 {[%clk 1:31:43]} 4. Nc3
{[%clk 1:29:56]} dxc4 {[%clk 1:32:09]} 5. a4 {[%clk 1:30:06]} Bf5
{[%clk 1:32:28]} 6. Ne5 {[%clk 1:30:18]} Nbd7 {[%clk 1:32:53]} 7. Nxc4
{[%clk 1:30:33]} Nb6 {[%clk 1:33:17]} 8. Ne5 {[%clk 1:30:11]} a5 {[%clk 1:33:27]}
9. f3 {[%clk 1:30:07]} Nfd7 {[%clk 1:33:50]} 10. Nxd7 {[%clk 1:30:27]} Nxd7
{[%clk 1:34:05]} 11. e4 {[%clk 1:30:45]} Bg6 {[%clk 1:34:32]} 12. Be2
{[%clk 1:30:13]} e6 {[%clk 1:34:54]} 13. Be3 {[%clk 1:27:11]} Bb4
{[%clk 1:34:34]} 14. O-O {[%clk 1:25:21]} O-O {[%clk 1:35:01]} 15. Qb3
{[%clk 1:22:43]} Qb6 {[%clk 1:35:03]} 16. Bf2 {[%clk 1:16:52]} Qa7
{[%clk 1:27:04]} 17. Rad1 {[%clk 1:13:51]} Rac8 {[%clk 1:25:14]} 18. Na2
{[%clk 0:58:34]} Bd6 {[%clk 1:20:46]} 19. Nc3 {[%clk 0:52:47]} Rfe8
{[%clk 1:19:20]} 20. g3 {[%clk 0:51:30]} Bb4 {[%clk 1:09:57]} 21. d5
{[%clk 0:40:31]} Bc5 {[%clk 0:51:58]} 22. dxe6 {[%clk 0:35:03]} Bxf2+
{[%clk 0:52:22]} 23. Rxf2 {[%clk 0:35:29]} Nc5 {[%clk 0:52:48]} 24. exf7+
{[%clk 0:34:53]} Bxf7 {[%clk 0:53:13]} 25. Qa3 {[%clk 0:35:14]} Rcd8
{[%clk 0:50:30]} 26. Kg2 {[%clk 0:33:37]} Qb6 {[%clk 0:37:41]} 27. Bf1
{[%clk 0:24:13]} Rxd1 {[%clk 0:26:15]} 28. Nxd1 {[%clk 0:24:37]} Qb4
{[%clk 0:25:34]} 29. Qe3 {[%clk 0:23:11]} Nxa4 {[%clk 0:24:09]} 30. Rd2
{[%clk 0:19:22]} b5 {[%clk 0:23:51]} 31. Qf4 {[%clk 0:16:07]} Nc5
{[%clk 0:22:02]} 32. Nf2 {[%clk 0:12:31]} a4 {[%clk 0:20:00]} 33. Qe3
{[%clk 0:11:46]} Nb3 {[%clk 0:17:58]} 34. Rd7 {[%clk 0:11:09]} Be6
{[%clk 0:16:47]} 35. Rc7 {[%clk 0:10:59]} Qd4 {[%clk 0:10:39]} 36. Qg5
{[%clk 0:09:18]} Qxb2 {[%clk 0:08:12]} 37. e5 {[%clk 0:04:28]} Bf7
{[%clk 0:08:35]} 38. f4 {[%clk 0:04:34]} Nc5 {[%clk 0:07:58]} 39. Qg4
{[%clk 0:00:43]} a3 {[%clk 0:06:10]} 40. Kg1 {[%clk 0:00:36]} a2 {[%clk 0:05:51]}
41. Qf5 {[%clk 0:12:57]} Rf8 {[%clk 0:23:17]}  0-1

[Event "Olomouc Chess Summer 2022 - B2"]
[Site "Olomouc (CZE), Hotel Flora"]
[Date "2022.08.18"]
[Round "7"]
[Board "5"]
[White "Shubin, Daniel"]
[Black "Mica, Marek"]
[Result "1/2-1/2"]
[WhiteElo "2206"]
[BlackElo "2297"]
[PlyCount "0"]
[EventDate "2022.08.13"]
[EventRounds "9"]
[EventCountry "CZE"]

1. e4 {[%clk 1:30:59]} c6 {[%clk 1:30:24]} 2. d4 {[%clk 1:31:24]} d5
{[%clk 1:30:50]} 3. Nc3 {[%clk 1:31:52]} dxe4 {[%clk 1:31:14]} 4. Nxe4
{[%clk 1:32:18]} Bf5 {[%clk 1:31:38]} 5. Ng3 {[%clk 1:32:44]} Bg6
{[%clk 1:32:02]} 6. h4 {[%clk 1:33:10]} h6 {[%clk 1:32:26]} 7. Nf3
{[%clk 1:33:36]} Nd7 {[%clk 1:32:51]} 8. h5 {[%clk 1:34:01]} Bh7 {[%clk 1:33:16]}
9. Bd3 {[%clk 1:34:28]} Bxd3 {[%clk 1:33:40]} 10. Qxd3 {[%clk 1:34:56]} e6
{[%clk 1:34:02]} 11. Bd2 {[%clk 1:35:23]} Ngf6 {[%clk 1:34:21]} 12. O-O-O
{[%clk 1:35:47]} Be7 {[%clk 1:33:46]} 13. Qe2 {[%clk 1:36:10]} Qb6
{[%clk 1:31:26]} 14. Ne5 {[%clk 1:35:47]} Rd8 {[%clk 1:27:47]} 15. Kb1
{[%clk 1:07:47]} c5 {[%clk 1:25:01]} 16. dxc5 {[%clk 0:58:21]} Bxc5
{[%clk 1:23:46]} 17. Nd3 {[%clk 0:50:37]} O-O {[%clk 1:05:11]} 18. f3
{[%clk 0:42:38]} Rc8 {[%clk 0:47:45]} 19. Ne4 {[%clk 0:41:35]} Nxe4
{[%clk 0:46:58]} 20. fxe4 {[%clk 0:39:58]} Bd4 {[%clk 0:46:23]} 21. Bc1
{[%clk 0:36:27]} Ne5 {[%clk 0:33:54]} 22. Nxe5 {[%clk 0:32:34]} Bxe5
{[%clk 0:34:19]} 23. Rd7 {[%clk 0:32:41]} a5 {[%clk 0:18:54]} 24. Rhd1
{[%clk 0:27:10]} Qc6 {[%clk 0:16:35]} 25. g3 {[%clk 0:23:02]} b5 {[%clk 0:08:00]}
26. Bf4 {[%clk 0:22:25]} Qc5 {[%clk 0:07:20]} 27. Bxe5 {[%clk 0:18:34]} Qxe5
{[%clk 0:07:41]} 28. Rb7 {[%clk 0:12:00]} Rc4 {[%clk 0:04:58]} 29. a4
{[%clk 0:09:58]} Rb4 {[%clk 0:04:03]} 30. c3 {[%clk 0:10:08]} Qxc3
{[%clk 0:01:35]} 31. Rxb5 {[%clk 0:08:10]} Qb3 {[%clk 0:01:21]} 32. Rxb4
{[%clk 0:06:07]} axb4 {[%clk 0:01:10]} 33. Qc2 {[%clk 0:02:04]} Qxg3
{[%clk 0:01:35]} 34. Qc5 {[%clk 0:02:10]} Qb3 {[%clk 0:01:18]} 35. Qc2
{[%clk 0:01:50]} Qe3 {[%clk 0:01:14]} 36. Ka2 {[%clk 0:01:15]} Rb8
{[%clk 0:00:51]} 37. Rd3 {[%clk 0:01:21]} Qg5 {[%clk 0:00:43]} 38. Qc7
{[%clk 0:00:39]} Ra8 {[%clk 0:00:39]} 39. Kb3 {[%clk 0:00:31]} Qxh5
{[%clk 0:00:34]}  1/2-1/2

[Event "Olomouc Chess Summer 2022 - B2"]
[Site "Olomouc (CZE), Hotel Flora"]
[Date "2022.08.19"]
[Round "8"]
[Board "1"]
[White "Obsivac, Josef"]
[Black "Mica, Marek"]
[Result "1/2-1/2"]
[WhiteElo "2284"]
[BlackElo "2297"]
[PlyCount "0"]
[EventDate "2022.08.13"]
[EventRounds "9"]
[EventCountry "CZE"]

1. d4 {[%clk 1:29:52]} Nf6 {[%clk 1:30:51]} 2. c4 {[%clk 1:30:17]} e6
{[%clk 1:31:12]} 3. Nf3 {[%clk 1:30:34]} d5 {[%clk 1:31:34]} 4. Nc3
{[%clk 1:30:24]} dxc4 {[%clk 1:31:37]} 5. e4 {[%clk 1:30:21]} b5 {[%clk 1:31:43]}
6. e5 {[%clk 1:30:05]} Nd5 {[%clk 1:32:07]} 7. Nxb5 {[%clk 1:30:22]} Nb6
{[%clk 1:32:30]} 8. Be2 {[%clk 1:29:35]} Nc6 {[%clk 1:32:47]} 9. O-O
{[%clk 1:28:51]} Be7 {[%clk 1:32:55]} 10. Qd2 {[%clk 1:26:37]} Bb7
{[%clk 1:29:45]} 11. Rd1 {[%clk 1:07:03]} Qd7 {[%clk 1:28:03]} 12. Nc3
{[%clk 0:54:41]} Nb4 {[%clk 1:22:18]} 13. Qf4 {[%clk 0:53:03]} f5
{[%clk 1:07:54]} 14. h4 {[%clk 0:46:45]} O-O-O {[%clk 1:05:04]} 15. b3 N4d5
{[%clk 0:51:00]} 16. Qd2 {[%clk 0:40:23]} Bb4 {[%clk 0:50:17]} 17. Bb2
{[%clk 0:40:47]} cxb3 {[%clk 0:49:57]} 18. axb3 {[%clk 0:41:00]} a5
{[%clk 0:50:06]} 19. Qc1 {[%clk 0:28:48]} Qe8 {[%clk 0:28:59]} 20. Nb5
{[%clk 0:23:53]} Kb8 {[%clk 0:22:25]} 21. Ba3 {[%clk 0:21:32]} Qc6
{[%clk 0:15:09]} 22. Bc4 {[%clk 0:18:04]} h6 {[%clk 0:11:21]} 23. Bxb4
{[%clk 0:17:58]} axb4 {[%clk 0:07:41]} 24. Na7 {[%clk 0:15:16]} Qe8
{[%clk 0:08:02]} 25. Bb5 {[%clk 0:12:41]} Nc3 {[%clk 0:05:08]} 26. Bxe8
{[%clk 0:12:48]} Ne2+ {[%clk 0:05:22]} 27. Kf1 {[%clk 0:12:07]} Nxc1
{[%clk 0:05:44]} 28. Nc6+ {[%clk 0:09:55]} Bxc6 {[%clk 0:05:57]} 29. Bxc6
{[%clk 0:10:12]} Nxb3 {[%clk 0:06:12]} 30. Ra2 {[%clk 0:09:15]} Kc8
{[%clk 0:02:04]} 31. Rb1 {[%clk 0:03:59]} Nxd4 {[%clk 0:01:08]} 32. Nxd4
{[%clk 0:04:27]} Rxd4 {[%clk 0:00:47]} 33. Rba1 {[%clk 0:04:56]} Kd8
{[%clk 0:00:40]} 34. Ra8+ {[%clk 0:05:05]} Nxa8 {[%clk 0:01:04]} 35. Rxa8+
{[%clk 0:05:31]} Ke7 {[%clk 0:01:05]} 36. Rxh8 {[%clk 0:05:54]} Rc4
{[%clk 0:00:56]} 37. Ba4 {[%clk 0:04:54]} Rxh4 {[%clk 0:00:45]} 38. Rg8
{[%clk 0:02:54]} Kf7 {[%clk 0:00:45]} 39. Rd8 {[%clk 0:03:02]} Rc4
{[%clk 0:00:36]} 40. Rd7+ {[%clk 0:03:08]} Kf8 {[%clk 0:00:38]} 41. Bb3
{[%clk 0:00:35]} Re4 {[%clk 0:24:52]}  1/2-1/2

[Event "Olomouc Chess Summer 2022 - B2"]
[Site "Olomouc (CZE), Hotel Flora"]
[Date "2022.08.19"]
[Round "8"]
[Board "2"]
[White "Nemec, Jachym"]
[Black "Shubin, Daniel"]
[Result "1-0"]
[WhiteElo "2341"]
[BlackElo "2206"]
[PlyCount "0"]
[EventDate "2022.08.13"]
[EventRounds "9"]
[EventCountry "CZE"]

1. d4 {[%clk 1:30:58]} d5 {[%clk 1:30:50]} 2. c4 {[%clk 1:31:22]} e6
{[%clk 1:31:17]} 3. Nc3 {[%clk 1:31:48]} Nf6 {[%clk 1:31:42]} 4. cxd5
{[%clk 1:32:14]} exd5 {[%clk 1:32:07]} 5. Bg5 {[%clk 1:32:41]} Nbd7
{[%clk 1:32:31]} 6. e3 {[%clk 1:33:07]} Be7 {[%clk 1:32:56]} 7. Bd3
{[%clk 1:33:31]} Nf8 {[%clk 1:33:16]} 8. Qc2 {[%clk 1:29:04]} Ne6
{[%clk 1:32:54]} 9. Bh4 {[%clk 1:28:53]} g6 {[%clk 1:33:10]} 10. Bg3
{[%clk 1:22:36]} O-O {[%clk 1:30:14]} 11. Nf3 {[%clk 1:22:07]} c6
{[%clk 1:30:08]} 12. O-O {[%clk 1:20:45]} Ng7 {[%clk 1:30:06]} 13. Rab1
{[%clk 1:09:14]} Bf5 {[%clk 1:29:45]} 14. b4 {[%clk 1:08:33]} a6 {[%clk 1:30:10]}
15. a4 {[%clk 1:01:26]} Bxd3 {[%clk 1:28:19]} 16. Qxd3 {[%clk 1:01:32]} Nf5
{[%clk 1:28:39]} 17. b5 {[%clk 0:55:27]} axb5 {[%clk 1:29:05]} 18. axb5
{[%clk 0:55:51]} Ra3 {[%clk 1:27:14]} 19. Nd2 {[%clk 0:43:21]} Nxg3
{[%clk 0:51:21]} 20. hxg3 {[%clk 0:42:52]} cxb5 {[%clk 0:48:02]} 21. Rxb5
{[%clk 0:39:55]} Qc7 {[%clk 0:45:45]} 22. Ndb1 {[%clk 0:38:03]} Ra5
{[%clk 0:43:02]} 23. Rb3 {[%clk 0:32:12]} Rc8 {[%clk 0:42:16]} 24. Nd2
{[%clk 0:31:30]} Ra3 {[%clk 0:22:12]} 25. Nxd5 {[%clk 0:29:52]} Nxd5
{[%clk 0:22:39]} 26. Rxa3 {[%clk 0:30:16]} Bxa3 {[%clk 0:22:59]} 27. Qxa3
{[%clk 0:30:43]} Qc2 {[%clk 0:20:21]} 28. Nf3 {[%clk 0:26:12]} b5
{[%clk 0:14:08]} 29. Qd6 {[%clk 0:23:33]} Nc3 {[%clk 0:12:25]} 30. Ne5
{[%clk 0:18:50]} Ne2+ {[%clk 0:01:42]} 31. Kh2 {[%clk 0:19:11]} Qb3
{[%clk 0:00:33]} 32. d5 {[%clk 0:15:44]} Rf8 {[%clk 0:00:34]} 33. Re1
{[%clk 0:06:37]} Qc2 {[%clk 0:01:03]} 34. Nd7 {[%clk 0:06:33]} Ra8
{[%clk 0:01:24]} 35. Qe5 {[%clk 0:06:37]} b4 {[%clk 0:01:09]} 36. Nf6+
{[%clk 0:06:21]} Kf8 {[%clk 0:01:38]} 37. d6 {[%clk 0:05:08]} b3 {[%clk 0:00:52]}
38. Ng4 {[%clk 0:04:29]} Qc3 {[%clk 0:00:47]} 39. Rxe2 {[%clk 0:04:17]} Qxe5
{[%clk 0:01:14]} 40. Nxe5 {[%clk 0:04:42]} Ra2 {[%clk 0:01:40]} 41. Re1
{[%clk 0:04:52]} Rxf2 {[%clk 0:01:38]} 42. d7 {[%clk 0:05:06]} Rd2
{[%clk 0:02:05]} 43. Rb1 {[%clk 0:04:02]} f6 {[%clk 0:02:32]} 44. Nf3
{[%clk 0:04:20]} Rxd7 {[%clk 0:03:00]} 45. Rxb3 {[%clk 0:04:45]} h5
{[%clk 0:02:46]} 46. Kg1 {[%clk 0:03:35]} f5 {[%clk 0:02:45]} 47. Kf2
{[%clk 0:03:59]} Rd6 {[%clk 0:02:57]} 48. Rb7 {[%clk 0:04:08]}  1-0

[Event "Olomouc Chess Summer 2022 - B2"]
[Site "Olomouc (CZE), Hotel Flora"]
[Date "2022.08.19"]
[Round "8"]
[Board "3"]
[White "Paseka, Matyas"]
[Black "Camarena Jimenez, Rufino"]
[Result "1-0"]
[WhiteElo "2218"]
[BlackElo "2308"]
[PlyCount "0"]
[EventDate "2022.08.13"]
[EventRounds "9"]
[EventCountry "CZE"]

1. e4 {[%clk 1:30:58]} e6 {[%clk 1:30:56]} 2. d4 {[%clk 1:31:19]} d5
{[%clk 1:31:22]} 3. Nd2 {[%clk 1:31:41]} Nf6 {[%clk 1:31:44]} 4. e5
{[%clk 1:32:06]} Nfd7 {[%clk 1:32:09]} 5. Bd3 {[%clk 1:32:27]} c5
{[%clk 1:32:32]} 6. c3 {[%clk 1:32:47]} Nc6 {[%clk 1:32:56]} 7. Ne2
{[%clk 1:33:10]} cxd4 {[%clk 1:33:18]} 8. cxd4 {[%clk 1:33:36]} f6
{[%clk 1:33:42]} 9. exf6 {[%clk 1:33:56]} Nxf6 {[%clk 1:34:05]} 10. Nf3
{[%clk 1:34:11]} Bd6 {[%clk 1:34:27]} 11. O-O {[%clk 1:34:26]} Qc7
{[%clk 1:34:48]} 12. Bd2 {[%clk 1:34:45]} O-O {[%clk 1:34:57]} 13. Ng3
{[%clk 1:34:39]} Bd7 {[%clk 1:33:39]} 14. Rc1 {[%clk 1:34:17]} Bf4
{[%clk 1:22:45]} 15. Re1 {[%clk 1:29:46]} Ng4 {[%clk 1:19:22]} 16. Bxf4
{[%clk 0:57:54]} Qxf4 {[%clk 1:16:53]} 17. h3 {[%clk 0:57:50]} Nxf2
{[%clk 1:08:26]} 18. Kxf2 {[%clk 0:57:57]} Nxd4 {[%clk 1:07:59]} 19. Be4 Nc6
{[%clk 0:56:48]} 20. Bb1 {[%clk 0:40:09]} Qh4 {[%clk 0:54:13]} 21. Re3
{[%clk 0:35:45]} Rf6 {[%clk 0:47:58]} 22. Qe1 {[%clk 0:32:41]} Nd4
{[%clk 0:42:44]} 23. Rcc3 {[%clk 0:29:30]} Raf8 {[%clk 0:37:54]} 24. Kg1
{[%clk 0:26:34]} Nxf3+ {[%clk 0:37:58]} 25. Rxf3 {[%clk 0:27:00]} Rxf3
{[%clk 0:38:04]} 26. Rxf3 {[%clk 0:27:26]} Rxf3 {[%clk 0:38:17]} 27. gxf3
{[%clk 0:27:53]} Qd4+ {[%clk 0:38:20]} 28. Qf2 {[%clk 0:25:50]} Qd1+
{[%clk 0:38:41]} 29. Qf1 {[%clk 0:26:14]} Qd4+ {[%clk 0:39:02]} 30. Kh1
{[%clk 0:25:11]} Qxb2 {[%clk 0:39:07]} 31. Qd3 {[%clk 0:24:49]} g6
{[%clk 0:38:55]} 32. h4 {[%clk 0:20:26]} Qf2 {[%clk 0:37:59]} 33. Ne4
{[%clk 0:13:41]} Qxh4+ {[%clk 0:35:53]} 34. Kg2 {[%clk 0:14:07]} Bc6
{[%clk 0:35:39]} 35. Nc5 {[%clk 0:10:32]} e5 {[%clk 0:33:21]} 36. Qe3
{[%clk 0:09:23]} Qf6 {[%clk 0:25:48]} 37. Nd3 {[%clk 0:09:27]} d4
{[%clk 0:20:32]} 38. Qe2 {[%clk 0:09:51]} Qg5+ {[%clk 0:20:48]} 39. Kf1
{[%clk 0:10:05]} Qf5 {[%clk 0:19:20]} 40. Qxe5 {[%clk 0:06:26]} Qxf3+
{[%clk 0:19:28]} 41. Ke1 {[%clk 0:06:50]} Qe4+ {[%clk 0:17:43]} 42. Qxe4
{[%clk 0:07:16]} Bxe4 {[%clk 0:18:08]} 43. Bc2 {[%clk 0:07:21]} Bxd3
{[%clk 0:18:02]} 44. Bxd3 {[%clk 0:07:47]} Kg7 {[%clk 0:17:15]} 45. Be4
{[%clk 0:04:54]} b6 {[%clk 0:20:07]} 46. Kd2 {[%clk 0:36:10]} Kf6
{[%clk 0:18:36]} 47. Kd3 {[%clk 0:36:34]} Ke5 {[%clk 0:18:33]} 48. a4
{[%clk 0:35:49]} a6 {[%clk 0:16:22]} 49. Bb7 {[%clk 0:36:03]} g5 {[%clk 0:16:45]}
50. Bxa6 {[%clk 0:36:06]} g4 {[%clk 0:17:12]} 51. Bc8 {[%clk 0:24:41]} h5
{[%clk 0:17:29]} 52. Bd7 {[%clk 0:24:40]} Kf4 {[%clk 0:16:57]} 53. Kxd4
{[%clk 0:25:00]} g3 {[%clk 0:17:20]} 54. Bc6 {[%clk 0:24:50]} h4 {[%clk 0:17:41]}
55. Bg2 {[%clk 0:24:59]} Kg4 {[%clk 0:17:51]} 56. Ke3 {[%clk 0:24:49]} h3
{[%clk 0:18:11]} 57. Bc6 {[%clk 0:24:48]} Kh4 {[%clk 0:02:55]} 58. Kf3
{[%clk 0:23:49]} h2 {[%clk 0:01:36]} 59. Kg2 {[%clk 0:24:06]} Kg4
{[%clk 0:02:01]} 60. Bb7 {[%clk 0:23:43]} Kf4 {[%clk 0:01:18]} 61. Kh3
{[%clk 0:23:39]} Ke5 {[%clk 0:00:41]} 62. Kxg3 {[%clk 0:23:57]} Kd6
{[%clk 0:00:45]} 63. Kxh2 {[%clk 0:24:22]} Kc5 {[%clk 0:00:59]} 64. Ba6
{[%clk 0:24:46]}  1-0

[Event "Olomouc Chess Summer 2022 - B2"]
[Site "Olomouc (CZE), Hotel Flora"]
[Date "2022.08.19"]
[Round "8"]
[Board "4"]
[White "Saypuri, Srithan"]
[Black "Wiley, Tom E"]
[Result "1/2-1/2"]
[WhiteElo "2045"]
[BlackElo "2169"]
[PlyCount "0"]
[EventDate "2022.08.13"]
[EventRounds "9"]
[EventCountry "CZE"]

1. e4 {[%clk 1:27:57]} e6 {[%clk 1:30:54]} 2. d4 {[%clk 1:28:17]} d5
{[%clk 1:31:19]} 3. Nd2 {[%clk 1:28:43]} Nc6 {[%clk 1:31:41]} 4. Ngf3
{[%clk 1:23:57]} Nf6 {[%clk 1:31:52]} 5. e5 {[%clk 1:22:59]} Nd7 {[%clk 1:32:12]}
6. Bb5 {[%clk 1:11:24]} a6 {[%clk 1:31:55]} 7. Bxc6 {[%clk 1:11:38]} bxc6
{[%clk 1:32:21]} 8. O-O {[%clk 1:12:03]} c5 {[%clk 1:29:09]} 9. c3
{[%clk 1:12:04]} Be7 {[%clk 1:27:13]} 10. Nb3 {[%clk 1:08:05]} a5
{[%clk 1:20:03]} 11. Be3 {[%clk 1:05:51]} c4 {[%clk 1:15:21]} 12. Nbd2
{[%clk 1:06:00]} Nb6 {[%clk 1:12:37]} 13. b3 {[%clk 0:58:55]} Ba6
{[%clk 1:11:47]} 14. Re1 {[%clk 0:58:44]} O-O {[%clk 1:11:26]} 15. Qc2
{[%clk 0:58:20]} h6 {[%clk 1:03:55]} 16. bxc4 {[%clk 0:53:14]} Nxc4
{[%clk 0:53:40]} 17. Nxc4 {[%clk 0:53:27]} Bxc4 18. Nd2 {[%clk 0:52:51]} Ba6
{[%clk 0:48:51]} 19. Qa4 {[%clk 0:37:49]} Bd3 {[%clk 0:46:54]} 20. a3
{[%clk 0:28:25]} Qe8 {[%clk 0:45:14]} 21. Qd1 {[%clk 0:27:15]} a4
{[%clk 0:30:40]} 22. Bf4 {[%clk 0:23:36]} Qb5 {[%clk 0:24:20]} 23. Re3
{[%clk 0:22:06]} Bg6 {[%clk 0:24:09]} 24. c4 {[%clk 0:19:03]} dxc4
{[%clk 0:23:34]} 25. Rc3 {[%clk 0:19:31]} Rfd8 {[%clk 0:16:43]} 26. Nxc4
{[%clk 0:18:03]} Rd7 {[%clk 0:16:31]} 27. Be3 {[%clk 0:11:32]} Rad8
{[%clk 0:09:22]} 28. Qf1 {[%clk 0:11:33]} c5 {[%clk 0:04:43]} 29. Nd6
{[%clk 0:09:54]} Qxf1+ {[%clk 0:05:01]} 30. Rxf1 {[%clk 0:10:17]} Bxd6
{[%clk 0:04:49]} 31. exd6 {[%clk 0:10:43]} cxd4 {[%clk 0:05:13]} 32. Bxd4
{[%clk 0:11:09]} Rxd6 {[%clk 0:05:39]} 33. Bc5 {[%clk 0:11:36]} Rc6
{[%clk 0:04:29]} 34. Bb4 {[%clk 0:11:27]} Rxc3 {[%clk 0:04:23]} 35. Bxc3
{[%clk 0:11:53]} Bc2 {[%clk 0:04:02]} 36. h3 {[%clk 0:11:37]} Bb3
{[%clk 0:03:49]} 37. Rc1 {[%clk 0:11:23]} f6 {[%clk 0:04:02]} 38. Ba5
{[%clk 0:11:45]} Rd5 {[%clk 0:04:08]} 39. Rc8+ {[%clk 0:11:05]} Kf7
{[%clk 0:03:35]} 40. Rc7+ {[%clk 0:10:54]} Kg6 {[%clk 0:03:55]} 41. Bb4
{[%clk 0:11:22]} Rd8 {[%clk 0:03:45]} 42. Kh2 {[%clk 0:08:04]} e5
{[%clk 0:02:27]} 43. Ba5 {[%clk 0:07:10]} Rg8 {[%clk 0:01:48]} 44. Re7
{[%clk 0:06:04]} Kf5 {[%clk 0:29:07]} 45. Rd7 {[%clk 0:36:10]} h5
{[%clk 0:22:18]} 46. Rd8 {[%clk 0:35:40]} Rxd8 {[%clk 0:22:42]} 47. Bxd8
{[%clk 0:36:06]} h4 {[%clk 0:21:57]} 48. f3 {[%clk 0:34:22]} Bd5 {[%clk 0:21:19]}
49. Ba5 {[%clk 0:33:43]} g5 {[%clk 0:21:25]} 50. Be1 {[%clk 0:31:49]} Kg6
{[%clk 0:21:17]} 51. Kg1 {[%clk 0:31:04]} e4 {[%clk 0:20:09]} 52. fxe4
{[%clk 0:31:05]} Bxe4 {[%clk 0:20:34]} 53. g3 {[%clk 0:30:28]} hxg3
{[%clk 0:20:37]} 54. Bxg3 {[%clk 0:30:55]} Kh5 {[%clk 0:20:57]} 55. Be1
{[%clk 0:24:24]} f5 {[%clk 0:20:52]} 56. Kh2 {[%clk 0:24:15]} f4 {[%clk 0:21:10]}
57. Bd2 {[%clk 0:24:41]} Bd5 {[%clk 0:20:38]} 58. Bc1 {[%clk 0:24:42]} Bc6
{[%clk 0:19:50]} 59. Bd2 {[%clk 0:25:02]} Bd7 {[%clk 0:20:07]} 60. Kg2
{[%clk 0:25:26]} Be6 {[%clk 0:19:27]} 61. Kh2 {[%clk 0:24:52]} Bd5
{[%clk 0:19:25]}  1/2-1/2